Statistics for Biggest US Cities by Decade

Click here to take the quiz!

General Stats

  • This quiz has been taken 134,121 times
    (134,099 since last reset)
  • The average score is 17 of 32

Answer Stats

Years in Top 10City% Correct
1790–New York City
100%
1920–Los Angeles
98%
1860–Chicago
95%
1790–1950Boston
91%
1970–Dallas
89%
1960–Houston
89%
1870–1900San Francisco
88%
1790–Philadelphia
87%
1820, 1950–1970Washington, DC
85%
1910–2000Detroit
81%
1980–San Diego
74%
1980–Phoenix
71%
1810–1880New Orleans
66%
1790–1980Baltimore
60%
1910–1940Pittsburgh
59%
1990–San Antonio
59%
1890–1970Cleveland
57%
1850–1960St. Louis
56%
1830–1900Cincinnati
45%
2010–San Jose
44%
1860, 1900–1910Buffalo
41%
1790–1840Charleston
35%
1810, 1830–1850Albany
33%
1790–1800Providence
30%
1790–1820Salem
16%
1840–1890Brooklyn
15%
1800Norfolk
12%
1790Newport
7%
1790–1840Northern Liberties
5%
1790–1830Southwark
4%
1790Marblehead
3%
1850Spring Garden
3%

Score Distribution

Percentile by Number Answered

Percent of People with Each Score

Your Score History

You have not taken this quiz since the last reset